Managing Project in hospitality Operations (Record no. 420075)

MARC details
000 -LEADER
fixed length control field 00347nam a2200145Ia 4500
008 - FIXED-LENGTH DATA ELEMENTS--GENERAL INFORMATION
fixed length control field 230605s1994 xx 000 0 und d
041 ## - LANGUAGE CODE
Language code of text/sound track or separate title eng
100 ## - MAIN ENTRY--PERSONAL NAME
Personal name Peter Jones
245 ## - TITLE STATEMENT
Title Managing Project in hospitality Operations
260 ## - PUBLICATION, DISTRIBUTION, ETC.
Name of publisher, distributor, etc. Cassell
Date of publication, distribution, etc. 1994
300 ## - PHYSICAL DESCRIPTION
Extent 264p
520 ## - SUMMARY, ETC.
Summary, etc. Hard Board
520 ## - SUMMARY, ETC.
Summary, etc. Reference Copy
650 ## - SUBJECT ADDED ENTRY--TOPICAL TERM
Topical term or geographic name entry element Hos.

No items available.